| 000 | 00790nam a22002417a 4500 | ||
|---|---|---|---|
| 005 | 20260429154631.0 | ||
| 008 | 260429b |||||||| |||| 00| 0 eng d | ||
| 020 | _a9789353065591 | ||
| 040 | _cVITAP | ||
| 082 |
_223rd Ed. _a616.89 HOO |
||
| 100 |
_aHooley, Jill M. _917417 |
||
| 245 |
_aAbnormal Psychology _c/ Jill M. Hooley ... et al. |
||
| 250 | _a17th Ed. | ||
| 260 |
_aNoida _bPearson India Education Services Pvt. Ltd. _c2024 |
||
| 300 | _axxvi, 883p. : ill. ; 25cm | ||
| 500 | _aIt includes Index Pages. | ||
| 650 | 0 |
_aPsychology; Abnormal psychology; Psychiatry; Mental illness; Mental disorder _917419 |
|
| 700 |
_aButcher, James N. _917420 |
||
| 700 |
_aNock Matthew K. _917422 |
||
| 700 |
_aMineka, Susan _917423 |
||
| 700 |
_aKapur, Preeti _917424 |
||
| 942 |
_2ddc _cBK |
||
| 999 |
_c47402 _d47402 |
||